00682nam a2200229 a 4500001001300000003000900013005001700022008004100039020002300080082001800103100001700121245004800138260005600186300000900242500003500251505001000286700001700296902000800313942000700321952010900328999001500437nice12345678IN_TiNIC20260116013133.0050524s1961 mina grp 000 0 eng  a081473X c27600a291.0148bHOO aHook, Sidney aReligious Experience and Truthb Symposium. aMinnesotabNew York University Press New Yorkc1961 a333p aincludes index and biblioraphy2 aIndex1 aHook, Sidney bSRS cBK 001040708REFaHMIbHMIcREFd2007-07-20g276.00l0o291.0148 HOOp015154r2007-07-20w2026-01-16yBK c9809d9809